000 00736nam a22002057a 4500
003 OSt
005 20230201112154.0
008 221006b |||||||| |||| 00| 0 eng d
040 _cBiblioteca Lado V
082 _a808.2
_bF634u
100 _9710
_aFlores Sancho, Adrian
_eautor
245 _aPequeño Relato de un viajero en el tiempo/
260 _aCosta Rica
_bUltima pagina
300 _c18x11cm
_blo acompaña un libro
_a59p.
650 0 _2Tesauro de Arte & Arquitectura
_aLITERATURA
_9702
650 _2Tesauro de Arte & Arquitectura
_aARTE
650 _2Tesauro de Arte & Arquitectura
_aNARRACION
650 _2Tesauro de Arte & Arquitectura
_aLITERATURA COSTARRICENSE
942 _2ddc
_c1
_h808.2
_iF634u
_n0
999 _c3004
_d3004